Music : an appreciation

Đã lưu trong:
書目詳細資料
主要作者: Kamien, Roger
格式: 圖書
語言:Undetermined
出版: Boston McGraw-Hill Higher Education 2008
主題:
標簽: 添加標簽
沒有標簽, 成為第一個標記此記錄!
Thư viện lưu trữ: Trung tâm Học liệu Trường Đại học Cần Thơ
LEADER 00525nam a2200205Ia 4500
001 CTU_179936
008 210402s9999 xx 000 0 und d
020 |c 2400000 
082 |a 780 
082 |b K15 
100 |a Kamien, Roger 
245 0 |a Music : 
245 3 |b an appreciation 
245 0 |c Roger Kamien 
260 |a Boston 
260 |b McGraw-Hill Higher Education 
260 |c 2008 
650 |a Music appreciation,Âm nhạc 
910 |a Nguyên 
980 |a Trung tâm Học liệu Trường Đại học Cần Thơ